<?xml version="1.0" encoding="UTF-8"?><?xml-stylesheet type="text/xsl" href="static/style.xsl"?><OAI-PMH xmlns="http://www.openarchives.org/OAI/2.0/" xmlns:xsi="http://www.w3.org/2001/XMLSchema-instance" xsi:schemaLocation="http://www.openarchives.org/OAI/2.0/ http://www.openarchives.org/OAI/2.0/OAI-PMH.xsd"><responseDate>2026-04-17T20:43:21Z</responseDate><request verb="GetRecord" identifier="oai:riubu.ubu.es:10259/9177" metadataPrefix="marc">https://riubu.ubu.es/oai/request</request><GetRecord><record><header><identifier>oai:riubu.ubu.es:10259/9177</identifier><datestamp>2024-05-27T06:46:49Z</datestamp><setSpec>com_10259.4_2554</setSpec><setSpec>com_10259.4_2542</setSpec><setSpec>com_10259.4_106</setSpec><setSpec>com_10259_2604</setSpec><setSpec>col_10259.4_2555</setSpec></header><metadata><record xmlns="http://www.loc.gov/MARC21/slim" xmlns:doc="http://www.lyncode.com/xoai" xmlns:xsi="http://www.w3.org/2001/XMLSchema-instance" xmlns:dcterms="http://purl.org/dc/terms/" xsi:schemaLocation="http://www.loc.gov/MARC21/slim http://www.loc.gov/standards/marcxml/schema/MARC21slim.xsd">
<leader>00925njm 22002777a 4500</leader>
<datafield tag="042" ind1=" " ind2=" ">
<subfield code="a">dc</subfield>
</datafield>
<datafield tag="720" ind1=" " ind2=" ">
<subfield code="a">Murillo Villar, Henar</subfield>
<subfield code="e">author</subfield>
</datafield>
<datafield tag="260" ind1=" " ind2=" ">
<subfield code="c">2021-12-31</subfield>
</datafield>
<datafield tag="520" ind1=" " ind2=" ">
<subfield code="a">El reconocimiento legal de la sociedad unipersonal es una&#xd;
realidad incuestionable en nuestros días, otra cosa es que su denominación&#xd;
sea la más apropiada, pues la locución «sociedad unipersonal» encierra una&#xd;
digresión terminológica. De todos modos, su versión latina: societas unius&#xd;
personae no hubiera tenido cabida en el ordenamiento jurídico romano pues&#xd;
carecería de un significado técnico-jurídico preciso. Por ello, el objetivo del&#xd;
presente trabajo consiste en elevar una propuesta de denominación, con&#xd;
independencia de su aceptación doctrinal y uso actual, para la debatida&#xd;
cuestión de la unipersonalidad societaria, desde la óptica jurisprudencial&#xd;
romana.</subfield>
</datafield>
<datafield tag="520" ind1=" " ind2=" ">
<subfield code="a">Legal recognition of the single-member company is these&#xd;
days an unquestionable reality, although another thing is whether its denomination is the most appropriate, as the phrase «single-member company» encloses&#xd;
a terminological digression. In any event, its Latin version: societas unius&#xd;
personae could not have fitted in the Roman legal order as it would have lacked a precise legal-technical meaning. Therefore, the objective of the present study consists in establishing a proposal for its denomination, regardless&#xd;
of its doctrinal acceptation and actual use, for the disputed question of the&#xd;
unipersonality of the firm, from the Roman jurisprudential viewpoint.</subfield>
</datafield>
<datafield tag="024" ind2=" " ind1="8">
<subfield code="a">0210-0444</subfield>
</datafield>
<datafield tag="024" ind2=" " ind1="8">
<subfield code="a">http://hdl.handle.net/10259/9177</subfield>
</datafield>
<datafield ind1=" " ind2=" " tag="653">
<subfield code="a">Sociedad unipersonal</subfield>
</datafield>
<datafield ind1=" " ind2=" " tag="653">
<subfield code="a">Societas unius personae</subfield>
</datafield>
<datafield ind1=" " ind2=" " tag="653">
<subfield code="a">Quasi societas</subfield>
</datafield>
<datafield ind1=" " ind2=" " tag="653">
<subfield code="a">Quasi</subfield>
</datafield>
<datafield ind1=" " ind2=" " tag="653">
<subfield code="a">Catacresis</subfield>
</datafield>
<datafield ind1=" " ind2=" " tag="653">
<subfield code="a">Single-member company</subfield>
</datafield>
<datafield ind1=" " ind2=" " tag="653">
<subfield code="a">Catachresis</subfield>
</datafield>
<datafield tag="245" ind1="0" ind2="0">
<subfield code="a">¿Sociedad unipersonal, «societas unius personae» o «quasi societas»?</subfield>
</datafield>
</record></metadata></record></GetRecord></OAI-PMH>